| 000 | 00916nam a2200217 i 4500 | ||
|---|---|---|---|
| 001 | 91711 | ||
| 003 | ES-MaACL | ||
| 005 | 20250809063510.0 | ||
| 007 | t| | ||
| 008 | 050208s1982 sp ||||1| spa d | ||
| 080 | _a821.134.2-17"17" | ||
| 100 | 1 |
_aVilar, Juan Bautista, _d1941-2018 _9114797 |
|
| 245 | 1 | 0 |
_aVersos satíricos contra el cabildo, que circularon en Orihuela con ocasión de la marcha del obispo Flores Ossorio (1738) / _cJuan Bta. Vilar. |
| 260 |
_aMurcia : _bUniversidad de Murcia, Cátedra de Historia Contemporánea ; _aOrihuela : _bPatronato "Angel García Rogel", _c1982. |
||
| 300 |
_ap. [281]-283 ; _c24 cm. |
||
| 500 | _aSeparata de: Anales de Historia Contemparánea 1. | ||
| 710 | 2 |
_aUniversidad de Murcia. _bCátedra de Historia Contemporánea. _97231 |
|
| 710 | 2 |
_aPatronato "Angel García Rogel" _96170 |
|
| 852 |
_aES-MaACL _j2186-F-17 _bR.135356 |
||
| 999 |
_c91711 _d91711 |
||